La construcción del presente. El mundo desde 1848 hasta nuestros días

Guardat en:
Dades bibliogràfiques
Autor principal: Casassas, Jordi (coordinador)
Format: Desconegut
Idioma:anglès
Publicat: Barcelona, España. Editorial Ariel, 2013
Matèries:
Etiquetes: Afegir etiqueta
Sense etiquetes, Sigues el primer a etiquetar aquest registre!

MARC

LEADER 00000 a2200000 4500
003 CL-VaPUC
005 20211022110436.0
008 201111b ||||| |||| 00| 0 eng d
999 |c 431975  |d 431973 
020 |a 9788434409538 
040 |c Pontificia Universidad Católica de Valparaíso 
082 |a 909.8 CAS 2013 
100 |a Casassas, Jordi  |9 857307  |e coordinador  
245 |a La construcción del presente.  |b El mundo desde 1848 hasta nuestros días 
260 |a Barcelona, España.   |b Editorial Ariel,  |c 2013 
300 |a 695 páginas  
583 |k Cristina Rojas  |c 20201111 
650 |a Historia universal   |y 1848   |9 858619 
942 |2 ddc  |c BK 
952 |0 0  |1 0  |2 ddc  |4 0  |6 909_800000000000000_CAS_2013  |7 0  |8 A  |9 576859  |a BIBHIS  |b BIBHIS  |d 2020-11-10  |e 41  |g 0.00  |i 5577160  |o 909.8 CAS 2013  |p 5577160  |r 2025-01-20  |t 1  |v 0.00  |w 2020-11-10  |y BK  |k HIS